Surficial geology of Anchorage and vicinity, Alaska / (Record no. 29453)

MARC details
000 -LEADER
fixed length control field 00939cam a22002891a 4500
001 - CONTROL NUMBER
control field gs 60000210
003 - CONTROL NUMBER IDENTIFIER
control field DLC
005 - DATE AND TIME OF LATEST TRANSACTION
control field 20260227111409.0
008 - FIXED-LENGTH DATA ELEMENTS--GENERAL INFORMATION
fixed length control field 780803s1959 dcuab b f001 0 eng
010 ## - LIBRARY OF CONGRESS CONTROL NUMBER
LC control number gs 60000210
035 ## - SYSTEM CONTROL NUMBER
System control number (OCoLC)4106983
040 ## - CATALOGING SOURCE
Original cataloging agency DLC
Transcribing agency OClU
Modifying agency DNAL
-- DLC
050 00 - LIBRARY OF CONGRESS CALL NUMBER
Classification number QE75
Item number .B9 no. 1093
051 ## - LIBRARY OF CONGRESS COPY, ISSUE, OFFPRINT STATEMENT
Classification number QE84.A4
Item number M5
070 0# - NATIONAL AGRICULTURAL LIBRARY CALL NUMBER
Classification number 407
Item number G29B no.1093
072 0# - SUBJECT CATEGORY CODE
Subject category code X400
100 1# - MAIN ENTRY--PERSONAL NAME
Personal name Miller, Robert D.
Fuller form of name (Robert David),
Dates associated with a name 1922-
245 10 - TITLE STATEMENT
Title Surficial geology of Anchorage and vicinity, Alaska /
Statement of responsibility, etc. by Robert D. Miller and Ernest Dobrovolny.
260 ## - PUBLICATION, DISTRIBUTION, ETC.
Place of publication, distribution, etc. Washington, [D.C.] :
Name of publisher, distributor, etc. U.S. G.P.O.,
Date of publication, distribution, etc. 1959.
300 ## - PHYSICAL DESCRIPTION
Extent v, 128 p. :
Other physical details ill., col. map ;
Dimensions 24 cm.
440 #0 - SERIES STATEMENT/ADDED ENTRY--TITLE
Title Geological Survey bulletin ;
Volume/sequential designation 1093
500 ## - GENERAL NOTE
General note Six folded leaves in pocket.
504 ## - BIBLIOGRAPHY, ETC. NOTE
Bibliography, etc. note Bibliography: p. 122-125.
500 ## - GENERAL NOTE
General note Includes index.
650 #0 - SUBJECT ADDED ENTRY--TOPICAL TERM
Topical term or geographic name entry element Geology
Geographic subdivision Alaska
-- Anchorage area.
700 1# - ADDED ENTRY--PERSONAL NAME
Personal name Dobrovolny, Ernest,
Dates associated with a name 1912-

No items available.

Powered by Koha